000 00587nam a2200217Ia 4500
003 OSt
005 20230606103930.0
008 210423s2018 xx 000 0 und d
020 _a978-81-8455-073-3
040 _cAL
041 _aeng
082 _a363.7 MOHE
100 _aMOHAN (Madan G)
_9119914
245 _aEnvironmental and sustainable development
260 _aNew Delhi
_bOmega Publications
_c2018
300 _avii,275
_bHB
365 _b900
_cINR
650 _aEnvironmental Problems
_9119915
906 _adevelopment ; Environmental ; sustainable
942 _2ddc
_cBK
999 _c176690
_d176690